| 000 | 00703nam a2200181 4500 | ||
|---|---|---|---|
| 001 | 145095 | ||
| 003 | ES-MaACL | ||
| 007 | t| | ||
| 008 | 070214s1923 fr r ||||1| fre d | ||
| 100 | 1 |
_aSommerfeld, Arnold. _9107275 |
|
| 245 | 1 | 3 |
_aLa constitution de l'atome et les raies spectrales / _cA. Sommerfeld ; traduit sur la troisième édition allemande par H. Bellenot. |
| 260 |
_aParis : _bAlbert Blanchard, _c1923 ( _eBar-le-Duc : _fComte-Jacquet et Chuquet réunies) |
||
| 300 |
_a2 v. : _bil. ; _c25 cm. |
||
| 490 | 1 | _aCol. de monographies scientifiques étrangères | |
| 830 | 0 |
_aCol. de monographies scientifiques étrangères _9220733 |
|
| 852 |
_aES-MaACL _jB-4382-83 |
||
| 999 |
_c145095 _d145095 |
||